• 首页
  • 本馆介绍
  • 公告通知
  • 最新文献
  • 馆藏检索
  • 电子资源
  • 读者导购
  • 参考咨询
  • 我的图书馆
  • 登录
  • 详细信息显示
  • 放入我的书架
  • 预约/预借图书
  • 作者相关作品
  • 分类相关作品
  • 丛书相关作品
  • 出版社相关作品

书目信息

  • 表格格式
  • 工作单格式
  • 卡片格式
题名:
机械加工工艺与窍门精选(续集)
    
 
作者: 梁炳文 主编
分册:  
出版信息: 北京   中国石化出版社  2001.04
页数: 446页
开本: 32开
丛书名:
单 册:
中图分类: TG506
科图分类:
主题词: 金属切削 , 机床 , 金属加工--机具
电子资源:
ISBN: 7-80043-983-6
000 00648nam0 2200217 45
001 0206121584
005 20020612153046.6
010    @a7-80043-983-6@d43.00元
100    @a20020612d2001 km y0chiy0120 ea
101 0  @achi
105    @a z 000yy
200 1  @a机械加工工艺与窍门精选(续集)@AJi Xie Jia Gong Gong Yi Yu Qiao Men Jing Xuan(Xu Ji)@f梁炳文主编@FLiang Bing Wen Zhu Bian
210    @a北京@c中国石化出版社@d2001.04
215    @a446页@d32开
606 0  @a金属切削
606 0  @a机床
606 0  @a金属加工@x机具
690    @aTG506@v3
701  0 @a梁炳文@4主编
801    @aCN@bPftUser@c20020612
905    @aBZT@b340327-329@dTG506@e2@f3
    
    机械加工工艺与窍门精选(续集)/梁炳文主编.-北京:中国石化出版社,2001.04
    446页;32开
    
    
    ISBN 7-80043-983-6:43.00元
    
●
相关链接 在五车中查询图书 在当当中查询图书 在豆瓣中查询图书


正题名:机械加工工艺与窍门精选(续集)     索取号:TG506/2         预约/预借

序号 登录号 条形码 馆藏地/架位号 状态 备注
1 340327   201165791   中心书库中库/ 中库030架B面7列6层25/ [索取号:TG506/2] 在馆    
2 340329   201165817   中心书库中库/ 中库030架B面7列6层26/ [索取号:TG506/2] 在馆    
山东省滨州职业学院图书馆 欢迎您!
大连网信软件有限公司© 版权所有